000 00419nam a22001697a 4500
003 NUST
020 _a9788190691925
038 _akhadija
082 _a629.83
_bHAS
100 _aSaeed, S. Hasan
_984512
245 _aAutomatic Control System (with Matlab Programs)
260 _aNew Delhi :
_bS.K. Kataria & sons,
_c2014.
300 _a675 p. ;
_b24 cm.
500 _aPaperback.
563 _aPB
942 _cBK
_2ddc
999 _c33690
_d33690